000 00491nam a2200181Ia 4500
008 090124s9999 xx 000 0 und d
082 _b39900
100 _aकामतानाथ
245 _a तुम्हारे नाम
250 _a0
260 _c1997
300 _a192
600 _aकामतानाथ
630 _a तुम्हारे नाम
700 _aकामतानाथ
730 _a तुम्हारे नाम
942 _cBOOK
999 _c101554
_d101554